| 000 | 00930nam a2200277Ia 4500 | ||
|---|---|---|---|
| 003 | GCL | ||
| 008 | 140319s9999 xx 000 0 ara d | ||
| 040 |
_aGCL / _cGCL |
||
| 082 | 0 | 4 |
_a001.4 _bم ب |
| 100 | 1 | _aمحمد الصاوى محمد مبارك | |
| 245 | 1 | 0 |
_aالبحث العلمى: اسسة وطريقة كتابتة / _cمحمد الصاوى محمد مبارك |
| 260 |
_aالقاهرة : _bالمكتبة الاكاديمية ، _c1992 |
||
| 300 |
_a357 ص: _bجداول ؛ _c24سم |
||
| 490 | _a | ||
| 650 | 0 | 4 | _aطرق البحث |
| 650 | 0 | 4 | _aالبحث |
| 650 | 0 | 4 | _aنشر الكتب |
| 650 | 0 | 4 | _aالتفكير العلمى |
| 650 | 0 | 4 | _aالقراءة والمكتبة |
| 650 | 0 | 4 | _aطرق النشر العلمى |
| 650 | 0 | 4 | _aكتابة البحث |
| 650 | 0 | 4 | _aترتيب اجزاء البحث |
| 650 | 0 | 4 | _aطباعة البحث |
| 650 | 0 | 4 | _aالنقد العلمى |
| 942 |
_2ddc _cBK |
||
| 999 |
_c53500 _d53500 |
||